Los noventa: política, sociedad y cultura en América Latina y Argentina de fin de siglo /
Збережено в:
| Автор: | |
|---|---|
| Формат: | Невідомо |
| Опубліковано: |
Buenos Aires:
FLACSO. Sede Académica Argentina. Eudeba,
Universidad de Buenos Aires
|
| Предмети: | |
| Теги: |
Додати тег
Немає тегів, Будьте першим, хто поставить тег для цього запису!
|
MARC
| LEADER | 00000 a2200000 04500 | ||
|---|---|---|---|
| 001 | 19347 | ||
| 003 | |||
| 008 | 991231s d | ||
| 040 | |||
| 090 | |a 145808 | ||
| 100 | |a Filmus, Daniel | ||
| 245 | |a Los noventa: política, sociedad y cultura en América Latina y Argentina de fin de siglo / |c Daniel Filmus | ||
| 260 | |a Buenos Aires: |b FLACSO. Sede Académica Argentina. Eudeba, |c Universidad de Buenos Aires | ||
| 300 | |a 279 p. | ||
| 650 | |a CIUDADES | ||
| 650 | |a AREAS URBANAS | ||
| 650 | |a COMUNIDADES URBANAS | ||
| 650 | |a DESARROLLO URBANO | ||
| 650 | |a MEDIO URBANO | ||
| 650 | |a URBANIZACION | ||
| 650 | |a POBREZA | ||
| 650 | |a CONDICIONES DE VIDA | ||
| 999 | |c 12425 |d 12425 | ||
